[Event "37th Reykjavik op"]
[Site "Reykjavik ISL"]
[Date "2024.03.15"]
[Round "1.36"]
[White "Krassel, Timofei"]
[Black "Haldorsen, Benjamin"]
[WhiteElo "2035"]
[BlackElo "2426"]
[Result "0-1"]
[EventDate "2024.03.15"]
[PlyCount "83"]

1. Nf3 {[%eval 2,0]} d5 {[%eval 2,0]} 2. d4 {[%eval 1,0]} e6 {[%eval 25,0]} 3.
c3 {[%eval 0,0]} Bd6 {[%eval 12,0]} 4. Qc2 {[%eval 7,0]} Nc6 {[%eval 15,0]} 5.
Nbd2 {[%eval 16,0]} f5 {[%eval 13,0]} 6. g3 {[%eval 0,0]} Nf6 {[%eval 6,0]} 7.
Bg2 {[%eval 5,0]} O-O {[%eval 7,0]} 8. O-O {[%eval 1,0]} Bd7 {[%eval 9,0]} 9.
c4 {[%eval 6,0]} b6 {[%eval 36,0]} 10. b3 {[%eval 32,0]} Ne4 {[%eval 3,0]} 11.
Bb2 {[%eval 32,0]} Rf6 $6 {[%eval 122,0] Inaccuracy. Qe8 was best.} (11... Qe8
12. a3 Rc8 13. Rac1 Ne7 14. Rfd1 a5 15. e3 c6 16. a4 Qh5 17. Ne5 Bxe5 18. dxe5)
12. a3 {[%eval 86,0]} Rh6 {[%eval 114,0]} 13. b4 {[%eval 127,0]} Qe8 {[%eval
174,0]} 14. Ne5 $2 {[%eval 3,0] Mistake. c5 was best.} (14. c5 Be7 15. b5 Nd8
16. c6 Bc8 17. Ne5 a6 18. a4 Nf7 19. Nxe4 fxe4 20. h3 Rf6) 14... Bxe5 $6 {
[%eval 88,0] Inaccuracy. Nxe5 was best.} (14... Nxe5 15. dxe5 Ba4 16. Qd3 Be7
17. cxd5 Bb5 18. Nc4 Rd8 19. a4 Ba6 20. Bc1 exd5 21. b5) 15. dxe5 {[%eval 84,0]
} Qh5 $6 {[%eval 158,0] Inaccuracy. Ne7 was best.} (15... Ne7 16. Bc1 Ba4 17.
Qb2 Rg6 18. cxd5 exd5 19. Nxe4 fxe4 20. f3 Rc6 21. fxe4 Rc2 22. Qb1) 16. Nf3 $6
{[%eval 96,0] Inaccuracy. h4 was best.} (16. h4 Rf8 17. Rad1 Nxd2 18. Rxd2 Ne7
19. f4 Qg4 20. Kh2 Rg6 21. Rf3 Bc6 22. b5 Ba8) 16... Rf8 $6 {[%eval 212,0]
Inaccuracy. f4 was best.} (16... f4) 17. cxd5 {[%eval 201,0]} exd5 {[%eval 189,
0]} 18. e6 $2 {[%eval 5,0] Mistake. Rfd1 was best.} (18. Rfd1 Qf7) 18... Ng5 $2
{[%eval 175,0] Mistake. Rxe6 was best.} (18... Rxe6 19. Rad1 f4 20. b5 Na5 21.
g4 Qxg4 22. Ne5 Rxe5 23. Bxe5 Qg6 24. Qxc7 Bxb5 25. Rxd5) 19. Nh4 {[%eval 161,
0]} Nxe6 {[%eval 151,0]} 20. Bxd5 {[%eval 159,0]} Ncd8 $2 {[%eval 345,0]
Mistake. Ne7 was best.} (20... Ne7 21. Rad1 Nxd5 22. Rxd5 Rf7 23. Rfd1 Nf8 24.
R1d4 Bc6 25. Re5 Nd7 26. Qc4 b5 27. Rxd7) 21. Qxc7 {[%eval 303,0]} Rf7 {
[%eval 343,0]} 22. Qc3 {[%eval 341,0]} f4 {[%eval 341,0]} 23. Rad1 {[%eval 301,
0]} Ba4 $6 {[%eval 431,0] Inaccuracy. Qg5 was best.} (23... Qg5 24. Qe5 Qg4 25.
Bf3 Qh3 26. Bg2 Qg4 27. h3 Qh5 28. Qxh5 Rxh5 29. Rd6 Ba4 30. Bf3) 24. Bf3 {
[%eval 421,0]} Qg5 {[%eval 471,0]} 25. Rd5 {[%eval 465,0]} Qf6 {[%eval 471,0]}
26. Qxf6 {[%eval 468,0]} gxf6 {[%eval 483,0]} 27. Nf5 {[%eval 484,0]} Rg6 {
[%eval 467,0]} 28. Bh5 {[%eval 437,0]} Kf8 {[%eval 464,0]} 29. Bxg6 {[%eval
404,0]} hxg6 {[%eval 437,0]} 30. Nd4 {[%eval 426,0]} Rh7 {[%eval 447,0]} 31.
Rc1 {[%eval 431,0]} Ke7 {[%eval 437,0]} 32. Rc8 {[%eval 436,0]} Bd7 {[%eval
439,0]} 33. Rc4 {[%eval 445,0]} b5 {[%eval 471,0]} 34. Rc1 {[%eval 458,0]} Ng5
{[%eval 487,0]} 35. Rc7 {[%eval 481,0]} Ke8 {[%eval 474,0]} 36. Bc1 {[%eval
476,0]} fxg3 {[%eval 482,0]} 37. hxg3 {[%eval 479,0]} Ne4 {[%eval 501,0]} 38.
Nxb5 {[%eval 504,0]} Ne6 {[%eval 502,0]} 39. Rxa7 {[%eval 514,0]} N6g5 {
[%eval 553,0]} 40. Nd6+ {[%eval 541,0]} Nxd6 {[%eval 564,0]} 41. Rxd6 {[%eval
551,0]} Nh3+ {[%eval 564,0]} 42. Kg2 {[%eval 549,0]} 0-1

[Event "37th Reykjavik op"]
[Site "Reykjavik ISL"]
[Date "2024.03.15"]
[Round "1.37"]
[White "Salimova, Nurgyul"]
[Black "Alic, Miran"]
[WhiteElo "2426"]
[BlackElo "2033"]
[Result "1-0"]
[EventDate "2024.03.15"]
[PlyCount "142"]

1. e4 {[%eval 13,0]} c5 {[%eval 33,0]} 2. Nf3 {[%eval 22,0]} Nc6 {[%eval 31,0]}
3. Bb5 {[%eval 25,0]} e6 {[%eval 47,0]} 4. O-O {[%eval 5,0]} Nge7 {[%eval 36,0]
} 5. Re1 {[%eval 27,0]} Nd4 {[%eval 51,0]} 6. Nxd4 {[%eval 37,0]} cxd4 {
[%eval 37,0]} 7. d3 {[%eval 33,0]} a6 {[%eval 18,0]} 8. Ba4 {[%eval 27,0]} b5 {
[%eval 21,0]} 9. Bb3 {[%eval 32,0]} Nc6 {[%eval 28,0]} 10. f4 {[%eval 2,0]} Be7
{[%eval 9,0]} 11. Nd2 {[%eval 9,0]} O-O {[%eval 8,0]} 12. a4 {[%eval 0,0]} Bb7
{[%eval 1,0]} 13. axb5 {[%eval 0,0]} axb5 {[%eval 5,0]} 14. Rxa8 {[%eval 18,0]}
Qxa8 {[%eval 4,0]} 15. Qh5 {[%eval 0,0]} Qa5 {[%eval 42,0]} 16. Nf3 {[%eval 52,
0]} g6 {[%eval 54,0]} 17. Qh6 {[%eval 32,0]} f5 {[%eval 48,0]} 18. Bd2 {
[%eval 54,0]} Qd8 {[%eval 55,0]} 19. c3 $6 {[%eval 0,0] Inaccuracy. h4 was
best.} (19. h4 Rf7) 19... Bc5 {[%eval 3,0]} 20. Kh1 {[%eval 0,0]} Qf6 $4 {
[%eval 325,0] Blunder. Qe7 was best.} (20... Qe7 21. exf5 Rxf5 22. Ng5 Nd8 23.
Rf1 dxc3 24. bxc3 Qg7 25. Qxg7+ Kxg7 26. Ne4 Be7 27. Kg1) 21. Ng5 {[%eval 323,
0]} Rf7 $6 {[%eval 402,0] Inaccuracy. Qg7 was best.} (21... Qg7 22. Bxe6+ dxe6
23. Qxg7+ Kxg7 24. Nxe6+ Kg8 25. Nxc5 Bc8 26. e5 Rf7 27. Kg1 Ra7 28. cxd4) 22.
Nxf7 $2 {[%eval 256,0] Mistake. exf5 was best.} (22. exf5) 22... Qxf7 {[%eval
253,0]} 23. Qh3 {[%eval 278,0]} Qf6 {[%eval 325,0]} 24. exf5 {[%eval 322,0]}
gxf5 {[%eval 292,0]} 25. Bd1 {[%eval 334,0]} dxc3 {[%eval 348,0]} 26. bxc3 $6 {
[%eval 271,0] Inaccuracy. Bxc3 was best.} (26. Bxc3 Bd4 27. Bxd4 Nxd4 28. Re3
Kh8 29. Qh5 Qe7 30. Qh6 b4 31. Rg3 d6 32. h3 e5) 26... b4 {[%eval 276,0]} 27.
d4 {[%eval 284,0]} bxc3 {[%eval 208,0]} 28. Bxc3 $6 {[%eval 201,0] Inaccuracy.
Qg3+ was best.} (28. Qg3+) 28... Bxd4 {[%eval 189,0]} 29. Bxd4 {[%eval 216,0]}
Nxd4 {[%eval 109,0]} 30. Qh5 {[%eval 205,0]} Qg6 {[%eval 206,0]} 31. Qxg6+ $2 {
[%eval 82,0] Mistake. Qh3 was best.} (31. Qh3 Qf6 32. Qg3+ Qg7 33. Re3 Nb5 34.
Qf2 Kf8 35. Rg3 Qa1 36. Qd2 Bd5 37. h3 Ke7) 31... hxg6 {[%eval 67,0]} 32. Ba4 {
[%eval 78,0]} d6 {[%eval 68,0]} 33. Rb1 {[%eval 28,0]} Be4 {[%eval 41,0]} 34.
Rb8+ {[%eval 19,0]} Kf7 {[%eval 26,0]} 35. Bd1 {[%eval 25,0]} e5 {[%eval 17,0]}
36. Rb6 {[%eval 12,0]} Ke6 {[%eval 27,0]} 37. fxe5 {[%eval 23,0]} Kxe5 {
[%eval 21,0]} 38. Kg1 {[%eval 26,0]} f4 {[%eval 23,0]} 39. Kf2 {[%eval 19,0]}
d5 {[%eval 21,0]} 40. Bf3 {[%eval 4,0]} g5 {[%eval 18,0]} 41. Rb8 {[%eval 0,0]}
Bxf3 {[%eval 15,0]} 42. gxf3 {[%eval 0,0]} Ne6 {[%eval 18,0]} 43. Re8 {[%eval
7,0]} Kf5 {[%eval 19,0]} 44. Re7 {[%eval 8,0]} Kf6 {[%eval 13,0]} 45. Rd7 {
[%eval 7,0]} Ke5 {[%eval 3,0]} 46. Ra7 {[%eval 11,0]} Kf5 {[%eval 8,0]} 47. Ra5
{[%eval 9,0]} Ke5 {[%eval 13,0]} 48. Rb5 {[%eval 13,0]} Nd4 {[%eval 8,0]} 49.
Rb6 {[%eval 6,0]} Kf5 {[%eval 1,0]} 50. Rd6 {[%eval 4,0]} Ke5 {[%eval 11,0]}
51. Rg6 {[%eval 11,0]} Kf5 {[%eval 8,0]} 52. Rg8 {[%eval 7,0]} Ne6 {[%eval 8,0]
} 53. Kg2 {[%eval 14,0]} Nd4 {[%eval 9,0]} 54. Rh8 {[%eval 9,0]} Kf6 {[%eval
11,0]} 55. Kf2 {[%eval 0,0]} Kf5 {[%eval 9,0]} 56. Rh3 {[%eval 1,0]} Kf6 {
[%eval 8,0]} 57. Ke1 {[%eval 1,0]} Nf5 {[%eval 15,0]} 58. Rh8 {[%eval 0,0]} Nd4
{[%eval 3,0]} 59. Kf2 {[%eval 4,0]} Nf5 {[%eval 0,0]} 60. Rh7 {[%eval 0,0]} Ke5
{[%eval 0,0]} 61. Rh8 {[%eval 0,0]} Kf6 {[%eval 0,0]} 62. Rd8 {[%eval 0,0]} Ke5
{[%eval 0,0]} 63. Rd7 {[%eval 0,0]} Nd4 {[%eval 11,0]} 64. Kg2 {[%eval 0,0]}
Nf5 {[%eval 31,0]} 65. Rd8 {[%eval 3,0]} Ke6 {[%eval 3,0]} 66. Rh8 {[%eval 0,0]
} Ke5 {[%eval 1,0]} 67. Kf2 {[%eval 0,0]} Kf6 {[%eval 0,0]} 68. Ke2 {[%eval 0,
0]} Nd4+ {[%eval 0,0]} 69. Kf2 {[%eval 0,0]} Nf5 {[%eval 6,0]} 70. Ke2 {
[%eval 0,0]} Nd4+ {[%eval 0,0]} 71. Kf2 {[%eval 0,0]} Nf5 1-0

[Event "37th Reykjavik op"]
[Site "Reykjavik ISL"]
[Date "2024.03.15"]
[Round "1.38"]
[White "Karsten, Jan"]
[Black "Botez, Alexandra"]
[WhiteElo "2323"]
[BlackElo "1986"]
[Result "0-1"]
[EventDate "2024.03.15"]
[PlyCount "102"]

1. e4 {[%eval 13,0]} e6 {[%eval 0,0]} 2. d4 {[%eval 41,0]} d5 {[%eval 21,0]} 3.
Nc3 {[%eval 0,0]} Nf6 {[%eval 0,0]} 4. Bg5 {[%eval 8,0]} Bb4 {[%eval 34,0]} 5.
e5 {[%eval 31,0]} h6 {[%eval 0,0]} 6. Bd2 {[%eval 0,0]} Bxc3 {[%eval 0,0]} 7.
bxc3 {[%eval 46,0]} Ne4 {[%eval 32,0]} 8. Bc1 {[%eval 41,0]} c5 {[%eval 78,0]}
9. Ne2 {[%eval 83,0]} Nc6 {[%eval 98,0]} 10. f3 {[%eval 101,0]} Ng5 {[%eval 97,
0]} 11. h4 {[%eval 8,0]} Nh7 {[%eval 77,0]} 12. Ba3 {[%eval 79,0]} Qc7 {
[%eval 125,0]} 13. f4 {[%eval 118,0]} b6 {[%eval 128,0]} 14. Qd3 {[%eval 95,0]}
Na5 {[%eval 152,0]} 15. Qg3 $2 {[%eval 29,0] Mistake. dxc5 was best.} (15. dxc5
Nc4 16. cxb6 Qxb6 17. Bc1 Bd7 18. Nd4 O-O 19. Be2 f6 20. Qg3 Rac8 21. O-O Kh8)
15... g6 $2 {[%eval 158,0] Mistake. O-O was best.} (15... O-O) 16. dxc5 {
[%eval 145,0]} bxc5 {[%eval 106,0]} 17. Qe3 {[%eval 131,0]} Nb7 {[%eval 138,0]}
18. c4 {[%eval 128,0]} d4 {[%eval 132,0]} 19. Qf3 {[%eval 78,0]} Bd7 {[%eval
75,0]} 20. Ng3 $2 {[%eval 46,0] Mistake. c3 was best.} (20. c3 d3 21. Qxd3
O-O-O 22. Qe3 Qa5 23. Bc1 Bc6 24. Rh3 Rd7 25. Kf2 Rhd8 26. Ng1 Qa4) 20... Bc6 {
[%eval 48,0]} 21. Qd3 {[%eval 45,0]} O-O-O {[%eval 71,0]} 22. Be2 {[%eval 99,0]
} Bxg2 {[%eval 88,0]} 23. Kf2 {[%eval -87,0]} Bc6 {[%eval -97,0]} 24. Bf3 {
[%eval -83,0]} f5 {[%eval -89,0]} 25. Rab1 {[%eval -86,0]} g5 $2 {[%eval 2,0]
Mistake. Nf8 was best.} (25... Nf8 26. Bxc6 Qxc6 27. Rb5 g5 28. hxg5 Ng6 29.
gxh6 a6 30. Rb2 Nxf4 31. Qf3 Qxf3+ 32. Kxf3) 26. hxg5 {[%eval 21,0]} Bxf3 {
[%eval 71,0]} 27. Qxf3 {[%eval 62,0]} hxg5 {[%eval 58,0]} 28. Rh6 {[%eval 9,0]}
gxf4 {[%eval 5,0]} 29. Nxf5 {[%eval 73,0]} Ng5 {[%eval 69,0]} 30. Qxb7+ {
[%eval 62,0]} Qxb7 {[%eval 63,0]} 31. Nd6+ {[%eval 65,0]} Kc7 {[%eval 84,0]}
32. Rxb7+ {[%eval 5,0]} Kc6 {[%eval 6,0]} 33. Rxh8 {[%eval 101,0]} Rxh8 {
[%eval 137,0]} 34. Rxa7 $6 {[%eval 73,0] Inaccuracy. Rg7 was best.} (34. Rg7
Rh2+ 35. Kf1 Nf3 36. Bc1 Rxc2 37. Bxf4 d3 38. Rxa7 Nh2+ 39. Bxh2 Rc1+ 40. Kg2
d2) 34... Rh2+ {[%eval 117,0]} 35. Kf1 {[%eval 113,0]} f3 {[%eval 121,0]} 36.
Ra6+ {[%eval 114,0]} Kd7 {[%eval 108,0]} 37. Ra7+ {[%eval 58,0]} Kc6 {[%eval
49,0]} 38. Nb5 $4 {[%eval -218,0] Blunder. Ra6+ was best.} (38. Ra6+) 38... Ne4
$4 {[%eval 0,0] Blunder. Kb6 was best.} (38... Kb6 39. Nd6 Kxa7 40. Bxc5+ Kb8
41. Bxd4 Nh3 42. Ke1 Rxc2 43. a4 f2+ 44. Bxf2 Nxf2 45. c5) 39. Rc7+ $4 {
[%eval -225,0] Blunder. Ra6+ was best.} (39. Ra6+ Kd7 40. Ra7+ Kd8 41. Ra8+ Ke7
42. Bxc5+ Nxc5 43. Ra7+ Kd8 44. Ra8+) 39... Kb6 {[%eval -225,0]} 40. Bxc5+ {
[%eval -374,0]} Nxc5 {[%eval -397,0]} 41. Rf7 {[%eval -339,0]} Ne4 {[%eval
-333,0]} 42. Kg1 {[%eval -484,0]} Rg2+ {[%eval -498,0]} 43. Kf1 {[%eval -494,0]
} Rxc2 {[%eval -498,0]} 44. Rxf3 {[%eval -306,0]} Nd2+ {[%eval -484,0]} 45. Ke2
{[%eval -487,0]} Nxf3+ {[%eval -499,0]} 46. Kxf3 {[%eval -305,0]} Rxc4 {
[%eval -394,0]} 47. Nd6 {[%eval -305,0]} Ra4 {[%eval -306,0]} 48. Ke4 {[%eval
-306,0]} Kc5 {[%eval -324,0]} 49. a3 {[%eval -333,0]} d3+ {[%eval -333,0]} 50.
Kxd3 {[%eval -323,0]} Rxa3+ {[%eval -315,0]} 51. Ke4 {[%eval -341,0]} Ra4+ {
[%eval -396,0]} 0-1

[Event "37th Reykjavik op"]
[Site "Reykjavik ISL"]
[Date "2024.03.15"]
[Round "1.39"]
[White "Wollkind, Steven"]
[Black "Botez, Andrea"]
[WhiteElo "1607"]
[BlackElo "1825"]
[Result "0-1"]
[EventDate "2024.03.15"]
[PlyCount "58"]

1. e4 {[%eval 13,0]} c5 {[%eval 33,0]} 2. Nc3 {[%eval 24,0]} g6 {[%eval 53,0]}
3. f4 $6 {[%eval 25,0] Inaccuracy. d4 was best.} (3. d4 cxd4 4. Qxd4 Nf6 5. Be3
Nc6 6. Qd2 Ng4 7. Bf4 d6) 3... Bg7 {[%eval 0,0]} 4. Nf3 {[%eval 25,0]} Nc6 {
[%eval 11,0]} 5. Bb5 {[%eval 29,0]} Nd4 {[%eval 4,0]} 6. d3 $6 {[%eval -64,0]
Inaccuracy. Bc4 was best.} (6. Bc4 e6 7. Nb5 d5 8. Nbxd4 dxc4 9. Nb5 a6 10. Nc3
b5) 6... a6 $2 {[%eval 24,0] Mistake. Qa5 was best.} (6... Qa5 7. Bc4 Nxf3+ 8.
gxf3 b5 9. Bd5 Rb8 10. Be3 e6 11. Bb3) 7. Bc4 {[%eval 39,0]} b5 {[%eval 26,0]}
8. Bd5 {[%eval 26,0]} Rb8 {[%eval 25,0]} 9. O-O {[%eval 49,0]} e6 {[%eval 51,0]
} 10. Bb3 {[%eval 51,0]} Ne7 {[%eval 49,0]} 11. Qe1 $6 {[%eval -82,0]
Inaccuracy. Nxd4 was best.} (11. Nxd4 Bxd4+) 11... a5 {[%eval -67,0]} 12. a4 {
[%eval -75,0]} c4 {[%eval -71,0]} 13. dxc4 $6 {[%eval -151,0] Inaccuracy. Nxd4
was best.} (13. Nxd4) 13... bxc4 {[%eval -166,0]} 14. Bxc4 {[%eval -176,0]}
Nxc2 {[%eval -172,0]} 15. Qg3 {[%eval -121,0]} Qb6+ {[%eval -143,0]} 16. Kh1 {
[%eval -143,0]} Nxa1 {[%eval -152,0]} 17. Nb5 $6 {[%eval -271,0] Inaccuracy.
f5 was best.} (17. f5 O-O 18. Bg5 f6 19. Bf4 Nc2 20. fxe6 dxe6 21. Bxb8 Ne3 22.
Bd6 Nxf1 23. Bxf1 Qxb2) 17... O-O {[%eval -123,0]} 18. Qh4 $6 {[%eval -361,0]
Inaccuracy. f5 was best.} (18. f5 d5 19. Ng5 f6 20. Be3 Qc6 21. Bd3 fxg5 22.
Qxb8 dxe4 23. Rc1 Qb7 24. Qxb7 Bxb7) 18... d5 {[%eval -381,0]} 19. Bd3 $6 {
[%eval -427,0] Inaccuracy. f5 was best.} (19. f5 gxf5 20. Qxe7 dxc4 21. Qh4 Nb3
22. Bf4 Rb7 23. exf5 Qd8 24. Qg3 f6 25. fxe6 Bxe6) 19... dxe4 {[%eval -422,0]}
20. Bxe4 {[%eval -492,0]} Nf5 {[%eval -426,0]} 21. Qe1 {[%eval -599,0]} Nb3 {
[%eval -600,0]} 22. g4 {[%eval -689,0]} Nxc1 {[%eval -685,0]} 23. Qxc1 {
[%eval -692,0]} Ne3 {[%eval -508,0]} 24. Rg1 {[%eval -503,0]} Nxg4 {[%eval
-693,0]} 25. Rxg4 {[%eval -693,0]} f5 {[%eval -535,0]} 26. Bxf5 {[%eval -698,0]
} exf5 {[%eval -513,0]} 27. Rh4 {[%eval -893,0]} Bb7 {[%eval -831,0]} 28. Qc4+
{[%eval -941,0]} Kh8 {[%eval -996,0]} 29. Rh3 $6 {[%eval -32751,0] Checkmate
is now unavoidable. Qf1 was best.} (29. Qf1 Qe3 30. Rh3 Rbd8 31. Na3 Rd3 32.
Nc4 Qxf3+ 33. Qxf3 Bxf3+ 34. Rxf3 Rxf3 35. Kg2 Rxf4) 29... Qf2 {[%eval -32753,
0]} 0-1

[Event "37th Reykjavik op"]
[Site "Reykjavik ISL"]
[Date "2024.03.15"]
[Round "1.40"]
[White "Saine, Zachary"]
[Black "Lu, Miaoyi"]
[WhiteElo "2010"]
[BlackElo "2392"]
[Result "0-1"]
[EventDate "2024.03.15"]
[PlyCount "22"]

1. e4 {[%eval 13,0]} c5 {[%eval 33,0]} 2. Nf3 {[%eval 22,0]} a6 {[%eval 46,0]}
3. d4 {[%eval 2,0]} cxd4 {[%eval 3,0]} 4. Nxd4 {[%eval 17,0]} Nf6 {[%eval 26,0]
} 5. Nc3 {[%eval 0,0]} e5 {[%eval 0,0]} 6. Nf3 {[%eval 12,0]} Bb4 {[%eval 8,0]}
7. Bc4 {[%eval 0,0]} Qc7 {[%eval 25,0]} 8. Qd3 {[%eval 1,0]} b5 {[%eval 27,0]}
9. Bd5 {[%eval 19,0]} Nxd5 {[%eval 38,0]} 10. exd5 {[%eval 4,0]} O-O {[%eval 9,
0]} 11. a3 $4 {[%eval -255,0] Blunder. O-O was best.} (11. O-O) 11... e4 {
[%eval -253,0]} 0-1

[Event "37th Reykjavik op"]
[Site "Reykjavik ISL"]
[Date "2024.03.15"]
[Round "1.41"]
[White "Gortemaker, Lucas"]
[Black "Fantinel, Thibault"]
[WhiteElo "2032"]
[BlackElo "2421"]
[Result "1/2-1/2"]
[EventDate "2024.03.15"]
[PlyCount "63"]

1. e4 {[%eval 13,0]} e5 {[%eval 17,0]} 2. Nf3 {[%eval 21,0]} Nc6 {[%eval 13,0]}
3. Bc4 {[%eval 14,0]} Nf6 {[%eval 21,0]} 4. d3 {[%eval 21,0]} Bc5 {[%eval 18,0]
} 5. c3 {[%eval 18,0]} d6 {[%eval 27,0]} 6. Bb3 {[%eval 0,0]} a5 {[%eval 25,0]}
7. O-O {[%eval 32,0]} O-O {[%eval 0,0]} 8. h3 {[%eval 7,0]} Ba7 {[%eval 18,0]}
9. Re1 {[%eval 2,0]} Be6 {[%eval 34,0]} 10. Ba4 {[%eval 2,0]} Ne7 {[%eval 23,0]
} 11. d4 {[%eval 23,0]} Ng6 {[%eval 19,0]} 12. Nbd2 {[%eval 25,0]} c6 {[%eval
24,0]} 13. Nf1 {[%eval 16,0]} Qc8 $6 {[%eval 62,0] Inaccuracy. exd4 was best.}
(13... exd4) 14. Ng3 {[%eval 74,0]} h6 {[%eval 65,0]} 15. Be3 {[%eval 68,0]}
Bb8 {[%eval 64,0]} 16. Qd2 {[%eval 57,0]} Kh7 {[%eval 51,0]} 17. Bc2 {[%eval
47,0]} Bc7 {[%eval 72,0]} 18. b3 {[%eval 77,0]} Ng8 {[%eval 105,0]} 19. c4 {
[%eval 104,0]} N8e7 {[%eval 146,0]} 20. Rad1 $6 {[%eval 84,0] Inaccuracy. h4
was best.} (20. h4) 20... f5 $6 {[%eval 194,0] Inaccuracy. a4 was best.} (20...
a4 21. d5 axb3 22. axb3 Bd7 23. Ra1 cxd5 24. cxd5 Qd8 25. Nf5 f6 26. Rxa8 Qxa8
27. Ng3) 21. dxe5 {[%eval 203,0]} dxe5 {[%eval 200,0]} 22. exf5 {[%eval 207,0]}
Nxf5 {[%eval 172,0]} 23. Ne4 {[%eval 133,0]} Nxe3 {[%eval 128,0]} 24. Rxe3 {
[%eval 136,0]} Bf5 $4 {[%eval 353,0] Blunder. Kg8 was best.} (24... Kg8 25. Qc3
Bf5 26. Nd6 Bxd6 27. Rxd6 Rf6 28. c5 Rxd6 29. cxd6 Bxc2 30. Qc4+ Kh8 31. Qxc2)
25. g4 {[%eval 373,0]} Bxg4 {[%eval 307,0]} 26. hxg4 {[%eval 364,0]} Qxg4+ {
[%eval 353,0]} 27. Ng3 {[%eval 357,0]} Rxf3 {[%eval 381,0]} 28. Bxg6+ $4 {
[%eval 131,0] Blunder. Qd7 was best.} (28. Qd7 h5 29. Rxf3 Qxf3 30. Rd3 Qg4 31.
Qxc7 e4 32. Rd6 Nf4 33. Bxe4+ Kg8 34. Rd8+ Rxd8) 28... Kxg6 {[%eval 132,0]} 29.
Qd3+ {[%eval 125,0]} e4 $6 {[%eval 237,0] Inaccuracy. Rf5 was best.} (29... Rf5
) 30. Rxe4 {[%eval 219,0]} Rxg3+ $4 {[%eval 474,0] Blunder. Qxg3+ was best.} (
30... Qxg3+ 31. fxg3 Rxd3 32. Rxd3 Bd8 33. c5 Bf6 34. Ra4 h5 35. b4 Kf5 36. Kg2
Be5 37. Rd7) 31. fxg3 {[%eval 463,0]} Qf5 $4 {[%eval 32740,0] Checkmate is now
unavoidable. Qxg3+ was best.} (31... Qxg3+ 32. Qxg3+ Bxg3 33. Rg4+ Kf5 34. Rxg3
g5 35. Rf3+ Kg4 36. Re3 a4 37. b4 Rf8 38. Rd4+) 32. Rg4+ {[%eval 887,0]} 1/2-1/2